[Event "SRI-ch (Women)"]
[Site "Colombo"]
[Date "2023.04.03"]
[Round "13"]
[White "Jayaweera, Sayuni Gihansa"]
[Black "Ramanayake, Nemindi Linaya"]
[Result "1/2-1/2"]
[WhiteElo "1639"]
[BlackElo "1397"]
[PlyCount "82"]
[EventDate "2023.03.25"]
[EventType "tourn"]
[EventRounds "13"]
[EventCountry "SRI"]
[SourceTitle "CBM 213 Extra"]
[Source "ChessBase"]
[SourceDate "2023.05.31"]
[SourceVersion "1"]
[SourceVersionDate "2023.05.31"]
[SourceQuality "1"]

1. d4 Nf6 2. c4 e6 3. g3 Bb4+ 4. Bd2 Qe7 5. Bg2 Nc6 6. Nf3 Bxd2+ 7. Nbxd2 d6 8. 0-0 a5 9. e4 e5 10. d5 Nb8 11. Nh4 g6 12. Qe2 Nbd7 13. h3 0-0 14. Qe3 Kg7 15. f4 exf4 16. Rxf4 Ne5 17. Raf1 Nh5 18. R4f2 Kg8 19. Re1 Nf6 20. Nhf3 Nfd7 21. Nxe5 Nxe5 22. b3 Bd7 23. Rc1 b6 24. a3 Ra7 25. Rc3 Rfa8 26. a4 Kg7 27. Nf3 Re8 28. Nd4 Rb7 29. Qf4 Rbb8 30. g4 h6 31. Rg3 Rbc8 32. Nf5+ Bxf5 33. gxf5 Qf6 34. h4 h5 35. Bh3 Ra8 36. Rfg2 Rab8 37. Rg5 Nd3 38. Qe3 Qa1+ 39. Kh2 Qe5+ 40. R2g3 Nf4 41. Rg2 Nxh3+ 1/2-1/2

[Event "SRI-ch (Women)"]
[Site "Colombo"]
[Date "2023.04.02"]
[Round "10"]
[White "Akuratiya, AG Javindi Avarjana"]
[Black "Jayaweera, Sayuni Gihansa"]
[Result "0-1"]
[WhiteElo "1267"]
[BlackElo "1639"]
[PlyCount "52"]
[EventDate "2023.03.25"]
[EventType "tourn"]
[EventRounds "13"]
[EventCountry "SRI"]
[SourceTitle "CBM 213 Extra"]
[Source "ChessBase"]
[SourceDate "2023.05.31"]
[SourceVersion "1"]
[SourceVersionDate "2023.05.31"]
[SourceQuality "1"]

1. Nf3 Nf6 2. b3 g6 3. Bb2 Bg7 4. g3 0-0 5. c4 d5 6. Bg2 c6 7. d3 Re8 8. Nbd2 Nbd7 9. Qc2 e5 10. 0-0 Qe7 11. e4 d4 12. a4 a5 13. Nb1 Nh5 14. Qe2 b6 15. Bh3 Nc5 16. Bxc8 Raxc8 17. Ba3 Qd7 18. Bxc5 bxc5 19. Nh4 Qh3 20. Ng2 Bh6 21. Nd2 f5 22. exf5 gxf5 23. Nf3 e4 24. Nfh4 Nf6 25. dxe4 Rxe4 26. Qf3 Ng4 0-1

[Event "SRI-ch (Women)"]
[Site "Colombo"]
[Date "2023.04.02"]
[Round "11"]
[White "Jayaweera, Sayuni Gihansa"]
[Black "Wijesuriya, GPY"]
[Result "1/2-1/2"]
[WhiteElo "1639"]
[BlackElo "1514"]
[PlyCount "114"]
[EventDate "2023.03.25"]
[EventType "tourn"]
[EventRounds "13"]
[EventCountry "SRI"]
[SourceTitle "CBM 213 Extra"]
[Source "ChessBase"]
[SourceDate "2023.05.31"]
[SourceVersion "1"]
[SourceVersionDate "2023.05.31"]
[SourceQuality "1"]

1. d4 d5 2. c4 e6 3. Nf3 Nf6 4. g3 dxc4 5. Qa4+ Nbd7 6. Qxc4 a6 7. Bg2 b5 8. Qc2 Bb7 9. 0-0 c5 10. a4 Be4 11. Qd1 b4 12. Nbd2 Bd5 13. b3 Qb6 14. Bb2 cxd4 15. Nxd4 Bxg2 16. Kxg2 Bc5 17. Nc4 Qb7+ 18. Kg1 0-0 19. e3 Rad8 20. Qf3 Qxf3 21. Nxf3 Ne4 22. Rac1 Be7 23. Nd4 Rc8 24. Rfd1 Ndc5 25. f3 Nf6 26. Na5 Nd5 27. e4 Ne3 28. Rd2 Bd8 29. Nac6 e5 30. Rxc5 Re8 31. Rxe5 Rxe5 32. Nxe5 Bb6 33. Kf2 Nd1+ 34. Rxd1 Rc2+ 35. Ke3 Rxb2 36. Nc4 Rxb3+ 37. Rd3 Bxd4+ 38. Kxd4 Rb1 39. a5 g6 40. Kc5 b3 41. Kb4 b2 42. Rb3 Kg7 43. Rxb2 Rd1 44. Kc5 Rd3 45. f4 Rd8 46. Rb6 Rc8+ 47. Rc6 Ra8 48. Kb6 Re8 49. e5 Kh6 50. Kxa6 Kh5 51. h3 g5 52. f5 g4 53. h4 f6 54. Rxf6 h6 55. e6 Rxe6+ 56. Kb7 Rxf6 57. a6 Rxa6 1/2-1/2

[Event "SRI-chB (Women)"]
[Site "Colombo"]
[Date "2023.03.12"]
[Round "11"]
[White "Jayaweera, Sayuni Gihansa"]
[Black "Yapa Bandara, Chamodya"]
[Result "1/2-1/2"]
[WhiteElo "1639"]
[BlackElo "1455"]
[PlyCount "59"]
[EventDate "2023.03.04"]
[EventType "swiss"]
[EventRounds "11"]
[EventCountry "SRI"]
[SourceTitle "CBM 213 Extra"]
[Source "ChessBase"]
[SourceDate "2023.05.31"]
[SourceVersion "1"]
[SourceVersionDate "2023.05.31"]
[SourceQuality "1"]

1. d4 Nf6 2. c4 e6 3. g3 d5 4. Nf3 Be7 5. Bg2 0-0 6. 0-0 Nbd7 7. Qc2 c6 8. Nbd2 b6 9. e4 Bb7 10. e5 Ne8 11. b3 c5 12. Bb2 Rc8 13. Qb1 Nc7 14. Re1 Ba8 15. a3 dxc4 16. Nxc4 cxd4 17. Nxd4 Bxg2 18. Kxg2 Nd5 19. Qd1 a6 20. Qg4 b5 21. Nd2 Nc5 22. Qe2 Qb6 23. Ne4 Nxe4 24. Qxe4 Nc3 25. Qd3 Nd5 26. Qe4 Nc3 27. Qd3 Nd5 28. Qe4 Nc3 29. Qd3 Nd5 30. Qe4 1/2-1/2

[Event "SRI-chB (Women)"]
[Site "Colombo"]
[Date "2023.03.11"]
[Round "9"]
[White "Abeysinghe, HMH Janandani"]
[Black "Jayaweera, Sayuni Gihansa"]
[Result "1/2-1/2"]
[WhiteElo "1428"]
[BlackElo "1639"]
[PlyCount "79"]
[EventDate "2023.03.04"]
[EventType "swiss"]
[EventRounds "11"]
[EventCountry "SRI"]
[SourceTitle "CBM 213 Extra"]
[Source "ChessBase"]
[SourceDate "2023.05.31"]
[SourceVersion "1"]
[SourceVersionDate "2023.05.31"]
[SourceQuality "1"]

1. e4 c5 2. Be2 g6 3. d3 Bg7 4. f4 Nc6 5. Nf3 d5 6. c3 e6 7. 0-0 Nge7 8. Qe1 c4 9. e5 cxd3 10. Bxd3 Qb6+ 11. Qe3 Qxe3+ 12. Bxe3 f6 13. Bb5 Bd7 14. Bxc6 Nxc6 15. exf6 Bxf6 16. Nd4 Nxd4 17. Bxd4 Bxd4+ 18. cxd4 Rc8 19. Na3 Ke7 20. Rac1 Kd6 21. Kf2 a5 22. Ke3 b5 23. Kd2 b4 24. Nc2 Rc4 25. b3 Rc3 26. Ne3 Rhc8 27. Rxc3 Rxc3 28. Rc1 Rxc1 29. Kxc1 Bb5 30. Kd2 Ke7 31. Ng4 h5 32. Ne5 Kf6 33. h4 Kf5 34. Ke3 Be8 35. Kf3 Bb5 36. g3 Ba6 37. Ke3 Bb5 38. Kf3 Ba6 39. Ke3 Bb5 40. Kf3 1/2-1/2

[Event "SRI-chB (Women)"]
[Site "Colombo"]
[Date "2023.03.10"]
[Round "7"]
[White "Gunasekara, KPK Hesara"]
[Black "Jayaweera, Sayuni Gihansa"]
[Result "0-1"]
[WhiteElo "1283"]
[BlackElo "1639"]
[PlyCount "95"]
[EventDate "2023.03.04"]
[EventType "swiss"]
[EventRounds "11"]
[EventCountry "SRI"]
[SourceTitle "CBM 213 Extra"]
[Source "ChessBase"]
[SourceDate "2023.05.31"]
[SourceVersion "1"]
[SourceVersionDate "2023.05.31"]
[SourceQuality "1"]

1. e4 c5 2. Nf3 g6 3. d4 cxd4 4. Nxd4 Nc6 5. Be3 Bg7 6. Nc3 Nf6 7. Bc4 d6 8. f3 Qa5 9. Qd2 Qb4 10. Bb5 Bd7 11. Nb3 Na5 12. a3 Nxb3 13. axb4 Nxd2 14. Kxd2 a6 15. Ra2 Nxe4+ 16. fxe4 Bxc3+ 17. bxc3 Bxb5 18. Bd4 e5 19. Bf2 Rc8 20. Ra5 Kd7 21. Rd1 Rc4 22. Re1 Rhc8 23. Re3 Ke6 24. Ra1 Bc6 25. Rae1 h5 26. Bh4 f5 27. Rg3 Bxe4 28. Rxg6+ Kd5 29. Rd1 Rxc3 30. Be1 Bxc2 31. Rc1 R3c4 32. Rg5 Rd4+ 33. Ke3 f4+ 34. Kf2 Rd1 35. Rxd1+ Bxd1 36. Bd2 Rf8 37. Ke1 f3 38. gxf3 Bxf3 39. Rg7 Kd4 40. Rd7 d5 41. Rxb7 Kd3 42. Rg7 e4 43. Bh6 d4 44. Rc7 Rg8 45. Bg7 Rb8 46. Ra7 Rxb4 47. Rxa6 Rb2 48. Ra3+ 0-1

[Event "Colombo Golden Jubilee op"]
[Site "Colombo"]
[Date "2022.11.27"]
[Round "8"]
[White "Jayaweera, Sayuni Gihansa"]
[Black "Liyanapathirana, Pasan Vindula"]
[Result "0-1"]
[WhiteElo "1622"]
[BlackElo "1896"]
[PlyCount "55"]
[EventDate "2022.11.23"]
[EventType "swiss"]
[EventRounds "9"]
[EventCountry "SRI"]
[SourceTitle "CBM 211 Extra"]
[Source "ChessBase"]
[SourceDate "2023.01.31"]
[SourceVersion "1"]
[SourceVersionDate "2023.01.31"]
[SourceQuality "1"]

1. d4 Nf6 2. c4 g6 3. Nc3 d5 4. Nf3 Bg7 5. Qb3 dxc4 6. Qxc4 0-0 7. e4 Na6 8. Be2 c5 9. d5 e6 10. 0-0 exd5 11. exd5 Re8 12. Be3 Bf5 13. Qb3 Qb6 14. Bb5 Red8 15. Nd2 Ng4 16. Bg5 Qd6 17. g3 f6 18. Nc4 Qf8 19. Bf4 Nb4 20. Ne3 Nxe3 21. fxe3 Bc2 22. Qa3 a6 23. Be2 b5 24. Qa5 Bd3 25. Bxd3 Nxd3 26. Bc7 Rd7 27. d6 Nxb2 28. Qb6 0-1

[Event "Colombo Golden Jubilee op"]
[Site "Colombo"]
[Date "2022.11.26"]
[Round "7"]
[White "Jayaweera, Sayuni Gihansa"]
[Black "Amer, Karim"]
[Result "1/2-1/2"]
[WhiteElo "1622"]
[BlackElo "2171"]
[PlyCount "120"]
[EventDate "2022.11.23"]
[EventType "swiss"]
[EventRounds "9"]
[EventCountry "SRI"]
[SourceTitle "CBM 211 Extra"]
[Source "ChessBase"]
[SourceDate "2023.01.31"]
[SourceVersion "1"]
[SourceVersionDate "2023.01.31"]
[SourceQuality "1"]

1. d4 Nf6 2. c4 e6 3. g3 b6 4. Bg2 d5 5. Nf3 Be7 6. 0-0 0-0 7. Nc3 Bb7 8. Bf4 dxc4 9. Ne5 Bxg2 10. Kxg2 Nd5 11. Bd2 a6 12. a4 f6 13. Nf3 Nc6 14. e4 Nxc3 15. Bxc3 f5 16. Qe2 fxe4 17. Qxe4 Qd5 18. Rae1 Rf6 19. Ng5 Bd6 20. Nxe6 Qxe4+ 21. Rxe4 Rf7 22. Rfe1 Nb4 23. Ng5 Rf5 24. Re8+ Rxe8 25. Rxe8+ Rf8 26. Rxf8+ Bxf8 27. Kf3 Nd5 28. Bd2 h6 29. Ne6 Bd6 30. Ke4 Nf6+ 31. Kf5 Kf7 32. Nd8+ Ke8 33. Nc6 b5 34. axb5 axb5 35. Kg6 Ne4 36. Be1 Bf8 37. h4 Nf6 38. Kf5 Nd7 39. Ke6 Nb6 40. Ba5 Na4 41. Bxc7 Nxb2 42. Ba5 Nd3 43. d5 b4 44. d6 Nc5+ 45. Kd5 b3 46. Bc3 Na4 47. Kxc4 b2 48. Bxb2 Nxb2+ 49. Kd5 Na4 50. Ne5 Nc3+ 51. Ke6 Bxd6 52. Kxd6 Ne4+ 53. Ke6 Nxf2 54. Nf7 Ne4 55. Nd6+ Nxd6 56. Kxd6 Kf7 57. Ke5 Kg6 58. g4 Kf7 59. Kf5 Kf8 60. Kg6 Kg8 1/2-1/2

[Event "Colombo Golden Jubilee op"]
[Site "Colombo"]
[Date "2022.11.25"]
[Round "5"]
[White "Jayaweera, Sayuni Gihansa"]
[Black "Barsov, Alexei"]
[Result "0-1"]
[WhiteElo "1622"]
[BlackElo "2327"]
[PlyCount "67"]
[EventDate "2022.11.23"]
[EventType "swiss"]
[EventRounds "9"]
[EventCountry "SRI"]
[SourceTitle "CBM 211 Extra"]
[Source "ChessBase"]
[SourceDate "2023.01.31"]
[SourceVersion "1"]
[SourceVersionDate "2023.01.31"]
[SourceQuality "1"]

1. d4 d5 2. c4 e6 3. Nf3 Nf6 4. g3 dxc4 5. Qa4+ Nbd7 6. Bg2 a6 7. Nc3 Rb8 8. Qxc4 b5 9. Qd3 Bb7 10. 0-0 c5 11. Rd1 c4 12. Qd2 b4 13. Nb1 Bd6 14. Qg5 h6 15. Qh4 Be7 16. Qh3 Be4 17. Bh1 0-0 18. Bf4 Rb5 19. Rc1 g5 20. Be5 g4 21. Qxh6 gxf3 22. exf3 Nxe5 23. dxe5 Nh7 24. h4 Bd3 25. Nd2 Qd4 26. Ne4 Rxe5 27. b3 Bc5 28. Nxc5 Rxc5 29. bxc4 Rfc8 30. Rd1 Rxc4 31. Rac1 Rc2 32. Rxc2 Rxc2 33. Rd2 Qa1+ 34. Kh2 0-1

[Event "SRI-chB (Women)"]
[Site "Mount Lavinia"]
[Date "2022.03.19"]
[Round "8"]
[White "Methmani, Nelunika"]
[Black "Jayaweera, Sayuni Gihansa"]
[Result "1/2-1/2"]
[WhiteElo "1601"]
[BlackElo "1654"]
[PlyCount "94"]
[EventDate "2022.03.16"]
[EventType "swiss"]
[EventRounds "10"]
[EventCountry "SRI"]
[SourceTitle "EXT 2023"]
[Source "ChessBase"]
[SourceDate "2022.10.05"]
[SourceVersion "1"]
[SourceVersionDate "2022.10.05"]
[SourceQuality "1"]

1. d4 Nf6 2. c4 g6 3. f3 d5 4. cxd5 Nxd5 5. e4 Nb6 6. Nc3 Bg7 7. Be3 0-0 8. Qd2 Nc6 9. Rd1 e5 10. d5 Nd4 11. Nb5 Nxb5 12. Bxb5 Bd7 13. Bd3 f5 14. b3 fxe4 15. Bxe4 Bf5 16. Qd3 Qd7 17. Ne2 Bxe4 18. Qxe4 Qb5 19. Kf2 Rad8 20. Nc3 Qa5 21. Rd3 Nc8 22. Qg4 Nd6 23. a4 Rde8 24. Ne4 Nf5 25. Bc5 Rf7 26. Rc1 b6 27. Ba3 Qa6 28. Rc4 Rd8 29. Qg5 Rdd7 30. Qg4 Rd8 31. Qg5 Re8 32. Rdc3 Qb7 33. Rd3 Nd4 34. Nc3 Nxb3 35. d6 cxd6 36. Rxd6 Nc5 37. Bxc5 bxc5 38. Rxc5 Bf8 39. Rb5 Qc7 40. Rd3 e4 41. Re3 Bg7 42. Rxe4 Rxe4 43. Nxe4 Bd4+ 44. Ke1 Bc3+ 45. Nxc3 Qxc3+ 46. Kf2 Qc7 47. Qe5 Qc2+ 1/2-1/2

[Event "SRI-chB (Women)"]
[Site "Mount Lavinia"]
[Date "2022.03.17"]
[Round "4"]
[White "Yapa Bandara, Chamodya"]
[Black "Jayaweera, Sayuni Gihansa"]
[Result "1/2-1/2"]
[WhiteElo "1516"]
[BlackElo "1654"]
[PlyCount "122"]
[EventDate "2022.03.16"]
[EventType "swiss"]
[EventRounds "10"]
[EventCountry "SRI"]
[SourceTitle "EXT 2023"]
[Source "ChessBase"]
[SourceDate "2022.10.05"]
[SourceVersion "1"]
[SourceVersionDate "2022.10.05"]
[SourceQuality "1"]

1. e4 c5 2. Nf3 g6 3. d4 cxd4 4. Nxd4 Nc6 5. c4 Bg7 6. Be3 Nf6 7. Nc3 d6 8. f3 0-0 9. Qd2 Nd7 10. Be2 Nc5 11. 0-0 Ne6 12. Nxe6 Bxe6 13. Rac1 Qa5 14. Rfd1 Rac8 15. b3 f5 16. exf5 gxf5 17. Nd5 Qxd2 18. Rxd2 Bxd5 19. Rxd5 b6 20. Rd2 f4 21. Bf2 Ne5 22. Rcd1 Rf5 23. Bd3 Rh5 24. Be4 Rf8 25. Rd5 Rf6 26. a4 Rfh6 27. h3 Nd7 28. a5 bxa5 29. Bxa7 Bc3 30. Bf5 Ne5 31. Bg4 Nxg4 32. fxg4 Rxd5 33. Rxd5 Re6 34. Bb6 Re1+ 35. Kf2 Ra1 36. Rg5+ Kh8 37. Bd8 Ra2+ 38. Kf3 Be1 39. Bb6 Bc3 40. Rd5 a4 41. bxa4 Rxa4 42. Bd4+ Bxd4 43. Rxd4 e5 44. Rxd6 Rxc4 45. Rd5 Rc3+ 46. Ke4 Rc2 47. Kf5 Kg7 48. Rd7+ Kg8 49. Kxe5 h6 50. Kxf4 Rxg2 51. Rd5 Rf2+ 52. Kg3 Rf6 53. Rd7 Kf8 54. Kh4 Kg8 55. Kh5 Ra6 56. h4 Rb6 57. g5 hxg5 58. hxg5 Rc6 59. Rd4 Kg7 60. Rd7+ Kg8 61. Rd5 Kg7 1/2-1/2

[Event "SRI-ch (Women)"]
[Site "Colombo"]
[Date "2020.09.14"]
[Round "6"]
[White "Ranasinghe, Sachini D"]
[Black "Jayaweera, Sayuni Gihansa"]
[Result "1-0"]
[WhiteElo "1731"]
[BlackElo "1698"]
[PlyCount "111"]
[EventDate "2020.09.11"]
[EventType "tourn"]
[EventRounds "13"]
[EventCountry "SRI"]
[SourceTitle "CBM 198 Extra"]
[Source "ChessBase"]
[SourceDate "2020.11.30"]
[SourceVersion "1"]
[SourceVersionDate "2020.11.30"]
[SourceQuality "1"]

1. Nf3 Nf6 2. b3 g6 3. Bb2 d5 4. e3 Bg7 5. Be2 0-0 6. 0-0 c5 7. c4 Nc6 8. d4 cxd4 9. Nxd4 Nxd4 10. Bxd4 Be6 11. Nd2 Qa5 12. Rc1 Rac8 13. c5 Bf5 14. a3 Rfd8 15. b4 Qc7 16. Nf3 Ne4 17. Bxg7 Kxg7 18. Nd4 Bd7 19. Qb3 e5 20. Nf3 Be6 21. Qb2 f6 22. Rfd1 g5 23. Ne1 g4 24. Bd3 Kf7 25. Bb1 h5 26. Qe2 Rg8 27. Ba2 Rcd8 28. c6 bxc6 29. Nd3 Qb6 30. Nc5 Nxc5 31. Rxc5 Rd6 32. Qc2 f5 33. Rc1 Rgd8 34. g3 Kf6 35. Kg2 Bd7 36. Qd2 Kg6 37. Bb1 Be8 38. Qc2 e4 39. Ba2 Qb7 40. b5 cxb5 41. Rc7 Qb6 42. Qc3 Rf6 43. Qe5 Qd6 44. Qxd6 Rdxd6 45. Rxa7 Ra6 46. Rcc7 Rxa7 47. Rxa7 Bc6 48. Kf1 Rd6 49. Ke2 d4 50. exd4 Rxd4 51. Ke3 Rd3+ 52. Kf4 Kf6 53. Rf7+ Kg6 54. Ke5 Rxa3 55. Rf6+ Kg7 56. Be6 1-0

[Event "SRI-ch (Women)"]
[Site "Colombo"]
[Date "2020.09.13"]
[Round "4"]
[White "Fernando, GW Nethmi L"]
[Black "Jayaweera, Sayuni Gihansa"]
[Result "1-0"]
[WhiteElo "1630"]
[BlackElo "1698"]
[PlyCount "63"]
[EventDate "2020.09.11"]
[EventType "tourn"]
[EventRounds "13"]
[EventCountry "SRI"]
[SourceTitle "CBM 198 Extra"]
[Source "ChessBase"]
[SourceDate "2020.11.30"]
[SourceVersion "1"]
[SourceVersionDate "2020.11.30"]
[SourceQuality "1"]

1. d4 Nf6 2. c4 g6 3. Nc3 d5 4. cxd5 Nxd5 5. e4 Nxc3 6. bxc3 Bg7 7. Bb5+ c6 8. Ba4 0-0 9. Ne2 Qa5 10. 0-0 e5 11. Bb3 exd4 12. cxd4 Re8 13. f3 Na6 14. Bd2 Qh5 15. Bc3 Bd7 16. Qe1 Rad8 17. Rd1 Nc7 18. d5 Bxc3 19. Qxc3 Nb5 20. Qf6 c5 21. d6 c4 22. Rd5 Qh6 23. Bxc4 Qe3+ 24. Kh1 Be6 25. Bxb5 Bxd5 26. Bxe8 Qxe2 27. Bxf7+ Bxf7 28. Qxd8+ Kg7 29. Rc1 Qxa2 30. Qc7 b5 31. d7 b4 32. d8Q 1-0

[Event "Online Olym Div3 B"]
[Site "Chess.com INT"]
[Date "2020.08.08"]
[Round "6.2"]
[White "Jayaweera, Sayuni Gihansa"]
[Black "Paulo, Jemima"]
[Result "0-1"]
[WhiteElo "1698"]
[BlackElo "1599"]
[PlyCount "82"]
[EventDate "2020.08.07"]
[EventType "team-tourn (rapid)"]
[EventRounds "9"]
[EventCountry "USA"]
[SourceTitle "CBM 198"]
[Source "ChessBase"]
[SourceDate "2020.10.31"]
[SourceVersion "1"]
[SourceVersionDate "2020.10.31"]
[SourceQuality "1"]
[WhiteTeam "Sri Lanka"]
[BlackTeam "Angola"]
[WhiteTeamCountry "SRI"]
[BlackTeamCountry "ANG"]

1. d4 Nf6 2. c4 g6 3. Nc3 Bg7 4. e4 d6 5. f3 0-0 6. Bg5 h6 7. Be3 Nc6 8. Qd2 Kh7 9. 0-0-0 a5 10. g4 Ng8 11. h4 e5 12. d5 Nb4 13. a3 Na6 14. Be2 f5 15. exf5 gxf5 16. gxf5 Bxf5 17. Nh3 Nc5 18. Bxc5 dxc5 19. Bd3 Ne7 20. Bxf5+ Nxf5 21. Ng5+ hxg5 22. hxg5+ Kg6 23. Ne4 Rh8 24. Rxh8 Qxh8 25. Nxc5 Qh5 26. Ne6 Qxf3 27. Nxc7 Rc8 28. d6 Nd4 29. Kb1 Qf5+ 30. Ka2 a4 31. Qb4 Rd8 32. c5 Qc2 33. Rf1 Qb3+ 34. Qxb3 axb3+ 35. Kb1 e4 36. Re1 Nf3 37. Re3 Bd4 38. Re2 Bxc5 39. Kc1 Bxd6 40. Nb5 Bf4+ 41. Kb1 Rd1# 0-1

[Event "Online Olym Div3 B"]
[Site "Chess.com INT"]
[Date "2020.08.07"]
[Round "2.1"]
[White "Jayaweera, Sayuni Gihansa"]
[Black "Smith, Sarah E"]
[Result "1-0"]
[WhiteElo "1698"]
[BlackElo "1390"]
[PlyCount "71"]
[EventDate "2020.08.07"]
[EventType "team-tourn (rapid)"]
[EventRounds "9"]
[EventCountry "USA"]
[SourceTitle "CBM 198"]
[Source "ChessBase"]
[SourceDate "2020.10.31"]
[SourceVersion "1"]
[SourceVersionDate "2020.10.31"]
[SourceQuality "1"]
[WhiteTeam "Sri Lanka"]
[BlackTeam "Scotland"]
[WhiteTeamCountry "SRI"]
[BlackTeamCountry "SCO"]

1. d4 Nf6 2. c4 c5 3. d5 b5 4. cxb5 a6 5. b6 Qxb6 6. Nc3 d6 7. Nf3 g6 8. Nd2 Bg7 9. e4 Nbd7 10. Be2 0-0 11. 0-0 a5 12. Nc4 Qc7 13. a4 Ba6 14. h3 Rfb8 15. Qc2 Bh8 16. f4 Rb4 17. Nb5 Bxb5 18. axb5 Rxb5 19. Nxd6 Rbb8 20. Nc4 Ne8 21. e5 Qc8 22. Rxa5 Rxa5 23. Nxa5 Ra8 24. Nc6 Qc7 25. Nxe7+ Kf8 26. Nc6 Ra2 27. Bc4 Nb6 28. Bxa2 Nxd5 29. Bxd5 Qd7 30. Qxc5+ Kg8 31. Ne7+ Kg7 32. f5 gxf5 33. Nxf5+ Kg8 34. Nh6+ Kg7 35. Rxf7+ Qxf7 36. Bxf7 1-0

[Event "Wch U20 Girls 37th"]
[Site "New Delhi"]
[Date "2019.10.25"]
[Round "11"]
[White "Jayaweera, Sayuni Gihansa"]
[Black "Chandreyee, Hajra"]
[Result "0-1"]
[WhiteElo "1788"]
[BlackElo "2024"]
[PlyCount "72"]
[EventDate "2019.10.15"]
[EventType "swiss"]
[EventRounds "11"]
[EventCountry "IND"]
[SourceTitle "CBM 192 Extra"]
[Source "Chessbase"]
[SourceDate "2019.11.06"]
[SourceVersion "1"]
[SourceVersionDate "2019.11.06"]
[SourceQuality "1"]

1. d4 d5 2. c4 e6 3. Nf3 Nf6 4. g3 dxc4 5. Bg2 c5 6. 0-0 Nc6 7. Qa4 Bd7 8. Qxc4 b5 9. Qd3 c4 10. Qd1 Rc8 11. Nc3 b4 12. d5 bxc3 13. dxc6 Bxc6 14. bxc3 Qxd1 15. Rxd1 Ba4 16. Re1 Ne4 17. Rb1 Bc5 18. Be3 Bxe3 19. fxe3 Nxc3 20. Rb7 a6 21. Ne5 0-0 22. a3 f6 23. Nf3 Nd1 24. Bh3 f5 25. Nd4 c3 26. Rb1 Nxe3 27. Rec1 e5 28. Rb4 exd4 29. Rxa4 Rfd8 30. Rxa6 g6 31. Kf2 c2 32. Ke1 d3 33. exd3 Rxd3 34. Ke2 Rd1 35. Rxc2 Rxc2+ 36. Kxe3 Rxh2 0-1

[Event "Wch U20 Girls 37th"]
[Site "New Delhi"]
[Date "2019.10.22"]
[Round "8"]
[White "Ortiz Verdesoto, Anahi Eduarda"]
[Black "Jayaweera, Sayuni Gihansa"]
[Result "1-0"]
[WhiteElo "2055"]
[BlackElo "1788"]
[PlyCount "109"]
[EventDate "2019.10.15"]
[EventType "swiss"]
[EventRounds "11"]
[EventCountry "IND"]
[SourceTitle "CBM 192 Extra"]
[Source "Chessbase"]
[SourceDate "2019.11.06"]
[SourceVersion "1"]
[SourceVersionDate "2019.11.06"]
[SourceQuality "1"]

1. d4 Nf6 2. c4 g6 3. Nc3 d5 4. cxd5 Nxd5 5. e4 Nxc3 6. bxc3 Bg7 7. Bc4 c5 8. Be3 0-0 9. Ne2 cxd4 10. cxd4 Qa5+ 11. Bd2 Qa3 12. Rb1 Nc6 13. d5 Ne5 14. Qb3 Qxb3 15. Bxb3 Nd3+ 16. Kf1 Bd7 17. Be3 b6 18. Bc2 Ne5 19. Nd4 Rac8 20. Ke2 Nc4 21. Bd3 Nxe3 22. fxe3 Rc3 23. Rhc1 Rfc8 24. Rxc3 Rxc3 25. Kd2 Rc5 26. Rc1 Rxc1 27. Kxc1 Kf8 28. Kd2 Ke8 29. h3 Kd8 30. Nf3 h6 31. e5 Kc7 32. Bc4 Be8 33. Kd3 b5 34. Bb3 a5 35. e4 a4 36. Bc2 Kb6 37. Kd4 Bd7 38. a3 Bc8 39. Ne1 g5 40. Bd1 f5 41. Nd3 f4 42. Bh5 Bd7 43. Nb4 Bh8 44. Bg6 Bg7 45. Bf5 Be8 46. Nd3 Bh5 47. Bd7 Be2 48. Nb4 Bf1 49. Nc6 Bxg2 50. Nxe7 f3 51. d6 f2 52. Nd5+ Kb7 53. Bxb5 f1Q 54. Bxf1 Bxf1 55. d7 1-0

[Event "Western Asia-ch U18 Girls"]
[Site "Delhi"]
[Date "2019.09.09"]
[Round "8"]
[White "Priyanka, K."]
[Black "Jayaweera, Sayuni Gihansa"]
[Result "1-0"]
[WhiteElo "2169"]
[BlackElo "1821"]
[PlyCount "87"]
[EventDate "2019.09.06"]
[EventType "swiss"]
[EventRounds "9"]
[EventCountry "IND"]
[SourceTitle "CBM 192 Extra"]
[Source "Chessbase"]
[SourceDate "2019.11.06"]
[SourceVersion "1"]
[SourceVersionDate "2019.11.06"]
[SourceQuality "1"]

1. e4 c5 2. Nf3 g6 3. d4 cxd4 4. Nxd4 Nc6 5. Nc3 Bg7 6. Be3 Nf6 7. Bc4 0-0 8. Bb3 d6 9. h3 Bd7 10. 0-0 Rc8 11. Re1 Na5 12. Qd3 a6 13. Nd5 Nxd5 14. exd5 Qc7 15. Bg5 Rfe8 16. c3 Nxb3 17. axb3 Qc5 18. Nf3 e6 19. dxe6 Bxe6 20. b4 Qc6 21. Rad1 h6 22. Bf4 d5 23. Be5 Qc4 24. Qd2 Bf8 25. Nd4 Rcd8 26. Qf4 Bg7 27. Re3 b5 28. Rde1 Qc8 29. Bxg7 Kxg7 30. Qe5+ Kh7 31. Qf6 Rf8 32. Nxe6 fxe6 33. Qe7+ Kh8 34. Rxe6 Rd7 35. Qh4 Kg7 36. Qg4 g5 37. Qh5 Rf6 38. Rxf6 Kxf6 39. Qxh6+ Kf7 40. Re6 d4 41. Qg6+ Kf8 42. Rf6+ Ke7 43. Rf7+ Kd8 44. Rf8+ 1-0

[Event "SRI-ch (Women)"]
[Site "Nugegoda"]
[Date "2019.07.07"]
[Round "11"]
[White "Pallie, Ehsha Mishela"]
[Black "Jayaweera, Sayuni Gihansa"]
[Result "0-1"]
[WhiteElo "1428"]
[BlackElo "1719"]
[PlyCount "122"]
[EventDate "2019.06.29"]
[EventType "tourn"]
[EventRounds "13"]
[EventCountry "SRI"]
[SourceTitle "EXT 2020"]
[Source "ChessBase"]
[SourceDate "2019.10.17"]
[SourceVersion "1"]
[SourceVersionDate "2019.10.17"]
[SourceQuality "1"]

1. e4 c5 2. Nf3 g6 3. d4 cxd4 4. Nxd4 Bg7 5. Nc3 Nc6 6. Be3 Nf6 7. Bc4 0-0 8. Bb3 Qa5 9. 0-0 d6 10. h3 Bd7 11. f4 Rac8 12. Qd2 Nxd4 13. Bxd4 Nxe4 14. Nxe4 Qxd2 15. Nxd2 Bxd4+ 16. Kh1 Bxb2 17. Rab1 Bg7 18. Rbe1 e6 19. c4 b5 20. Rc1 bxc4 21. Nxc4 d5 22. Nd6 Rc3 23. Rxc3 Bxc3 24. Rc1 d4 25. Ne4 Kg7 26. Nxc3 dxc3 27. Rxc3 Rc8 28. Rd3 Bb5 29. Rd4 Rc3 30. Kh2 a5 31. Re4 Bc6 32. Rd4 Kf6 33. Kg1 Bb5 34. Kh2 Ke7 35. Kg1 f5 36. Kf2 Rd3 37. Rxd3 Bxd3 38. g4 Kd6 39. g5 Be4 40. a3 Bd5 41. Ba4 e5 42. fxe5+ Kxe5 43. h4 Kd4 44. Be8 Kc3 45. h5 gxh5 46. Bxh5 Kb3 47. Ke3 Kxa3 48. g6 hxg6 49. Bxg6 Be6 50. Kd2 Kb2 51. Be8 Bb3 52. Bd7 a4 53. Bxf5 a3 54. Ke3 a2 55. Kf4 a1Q 56. Kg5 Kc3 57. Kf6 Kd4 58. Kg5 Ke5 59. Bd7 Qg1+ 60. Kh4 Kf4 61. Kh5 Qg5# 0-1